Steelers Players By Number - Statistics

General Stats
  • This quiz has been taken 240 times
  • The average score is 25 of 39
Answer Stats
Hint Answer % Correct
Chase Claypool 11
96%
T.J. Watt 90
96%
Diontae Johnson 18
94%
Mincah Fitzpatrick 39
91%
Najee Harris 22
90%
Juju Smith-Schuster 19
88%
Pat Frieirmuth 88
88%
Chris Boswell 9
87%
Cameron Heyward 97
83%
Ben Roethlesburger 7
82%
Ray-Ray McCloud 14
78%
Devin Bush 55
78%
Alex Highsmith 56
77%
Terrell Edmonds 34
76%
Mason Rudolph 2
75%
Eric Ebron 85
75%
Joe Haden 23
73%
Pressley Harvin III 6
71%
Zach Gentry 81
71%
Derek Watt 44
66%
Benny Snell Jr. 24
63%
James Washington 13
62%
Cameron Sutton 20
54%
Kendrick Green 53
53%
Dan Moore Jr. 65
52%
Ahkello Witherspoon 25
51%
James Pierre 42
50%
Robert Spillane 41
49%
Chukwuma Okorafor 76
48%
Zach Banner 72
47%
Arthur Maulet 35
46%
Isaiah Loudermilk 92
42%
Chris Wormley 95
42%
Kalen Ballage 29
34%
Justin Layne 31
34%
Joe Haeg 71
32%
Trai Turner 51
31%
Cody White 15
30%
Joe Schobert 93
29%
No matching quizzes found
Score Distribution
Percent of People with Each Score
Percentile by Number Answered
Your Score History
You have not taken this quiz